02617nam a2200325 i 4500001000700000003000700007005001700014007000300031008004100034017005000075020001800125035002100143035001300164040003900177080002100216100005400237245009900291250004200390260004500432300007300477336003200550337003100582338002400613490002300637520139800660600002802058655003302086830004902119852012302168193175SpMaBN20250630060301.0ta230930s2015 sp a | |||| 000 f spa  aM 15638-2015bOficina Depósito Legal Madrid a9788490604205 a(OCoLC)921826779 aa5666103 aSpMaBNbspacSpMaBNerdcdES-MaACL a821.134.2-31"20" aGarcía Mateache, Aurora,d1982-0XX5498117eaut13aLa favorita :bla historia de amor entre Alfonso XII y Elena Sanz /cAurora García Mateache. aSegunda edición: septiembre de 2015 aMadrid :bLa Esfera de los Libros,c2015 a357 páginas, [32] páginas de láminas (blanco y negro) ;c25 cm aTexto (visual)2isbdcontent asin mediación2isbdmedia 2rdacarrieravolumen1 aNovela histórica aA mediados del siglo XIX, en el hospicio de Las Niñas de Leganés, la joven Elena Sanz soñaba que, algún día, llegaría a cantar una ópera en el Teatro Real de Madrid. Su talento y belleza le hicieron superar todos sus sueños. Gracias a su voz conquistó los escenarios de toda Europa, desde el palco imperial del zar Alejandro II hasta el corazón de Emilio Castelar, que la definió como "una divinidad egipcia (...) por cuya belleza hubiera perecido Antonio de Roma". Pero lo que la "Bella del Re" nunca pudo imaginar es que compartiría el trágico destino del personaje que la llevó a la fama: "La Favorita" de Donizetti. Al igual que la amante de Alfonso XI, Elena fue desterrada por el amor de un rey, en este caso, Alfonso XII. Atrapada en una trama de seducción, celos, traición y alta política, la contralto dio dos hijos ilegítimos al monarca que provocaron el escándalo de la sociedad de la época y el deseo de justicia de una de las reinas con más poder de toda Europa, la regente María Cristina de Habsburgo. De la magia de su voz no quedó grabación alguna. Su nombre fue proscrito. Pero su historia de amor, condenada antes de nacer, vuelve a ser contada en esta novela con el telón de fondo de la suntuosa y delirante Europa de la emperatriz Eugenia de Montijo, Sofía Troubetzkoy, Cánovas del Castillo, Albéniz y Conan Doyle. 14aSanz, Elena,d1844-1898 7aNovelas históricas2tgfbne aNovela histórica (La Esfera de los Libros) aES-MaACLbR.154578jN-9338cDEPOJxEncuadernación cartoné con sobrecubiertashDonación: Aurora García Mateache